banner koha

Efeitos da nutricao mineral sobre o crescimento, aspecto, composicao elementar e fixacao de nitrogenio em Azolla [Planta aquatica] (Registro n. 98896)

MARC details
000 -LÍDER
campo de controle de tamanho fixo 01330nas a2200445 4500
001 - NÚMERO DE CONTROLE
campo de controle BR7803562
003 - IDENTIFICADOR DO NÚMERO DE CONTROLE
campo de controle BR-BrBNA
005 - DATA E HORÁRIO DA ÚLTIMA TRANSAÇÃO
campo de controle 20231205083445.0
007 - CAMPO FIXO DE DESCRIÇÃO FÍSICA--INFORMAÇÃO GERAL
campo de controle de tamanho fixo ta
008 - CAMPO DE DADOS FIXOS--INFORMAÇÃO GERAL
campo de controle de tamanho fixo 230509b bl.|||p| |||| 00| 00por d
040 ## - FONTE DA CATALOGAÇÃO
Instituição da catalogação original BR-BrBNA
Idioma da catalogação por
Instituição que transcreveu o registro Biblioteca Nacional de Agricultura
041 ## - CÓDIGO DE IDIOMA
Código do idioma do texto/trilha sonora ou título diferente (Pt)
072 ## - CÓDIGO DE CATEGORIA DE ASSUNTO
Código de Categoria de Assunto F60
100 1# - ENTRADA PRINCIPAL--NOME PESSOAL
Nome pessoal Malavolta, E.
100 1# - ENTRADA PRINCIPAL--NOME PESSOAL
Nome pessoal Ruschel, A.P.
100 1# - ENTRADA PRINCIPAL--NOME PESSOAL
Nome pessoal Medeiros, A.A.
100 1# - ENTRADA PRINCIPAL--NOME PESSOAL
Nome pessoal Veiga, C.L.
100 1# - ENTRADA PRINCIPAL--NOME PESSOAL
Nome pessoal Sturion, A.C.
100 1# - ENTRADA PRINCIPAL--NOME PESSOAL
Nome pessoal Krug, F.J.
100 1# - ENTRADA PRINCIPAL--NOME PESSOAL
Nome pessoal Escobar, L.A.
100 1# - ENTRADA PRINCIPAL--NOME PESSOAL
Nome pessoal Igarashi, L.
100 1# - ENTRADA PRINCIPAL--NOME PESSOAL
Nome pessoal Accorsi, W.R.
100 1# - ENTRADA PRINCIPAL--NOME PESSOAL
Nome pessoal Barros, M.A.A.
100 1# - ENTRADA PRINCIPAL--NOME PESSOAL
Nome pessoal Silva, A.C. da
100 1# - ENTRADA PRINCIPAL--NOME PESSOAL
Nome pessoal Carvalho, J.G.
100 1# - ENTRADA PRINCIPAL--NOME PESSOAL
Nome pessoal Bellote, A.F.J.
100 1# - ENTRADA PRINCIPAL--NOME PESSOAL
Nome pessoal Carriel, J.M.
100 1# - ENTRADA PRINCIPAL--NOME PESSOAL
Nome pessoal Geraldi, R.N.
100 1# - ENTRADA PRINCIPAL--NOME PESSOAL
Nome pessoal Eimori, I.
245 1# - TÍTULO
Título Efeitos da nutricao mineral sobre o crescimento, aspecto, composicao elementar e fixacao de nitrogenio em Azolla [Planta aquatica]
650 ## - ASSUNTO--TERMO TÓPICO
Cabeçalho tópico ou nome geográfico Fisiologia vegetal
650 ## - ASSUNTO--TERMO TÓPICO
Cabeçalho tópico ou nome geográfico Planta aquatica
650 ## - ASSUNTO--TERMO TÓPICO
Cabeçalho tópico ou nome geográfico Nutricao vegetal
650 ## - ASSUNTO--TERMO TÓPICO
Cabeçalho tópico ou nome geográfico Crescimento
650 ## - ASSUNTO--TERMO TÓPICO
Cabeçalho tópico ou nome geográfico Fixacao de nitrogenio
650 ## - ASSUNTO--TERMO TÓPICO
Cabeçalho tópico ou nome geográfico Materia seca
773 0# - ENTRADA ANALÍTICA
Título Anais da Escola Superior de Agricultura Luiz de Queiroz (Brazil)
ISSN - International Standard Serial Number ISSN 0071-1276
Partes relacionadas (1978), v. 35(35) p. 51-75
Número de controle do registro BR7803562
909 ## -
-- 202311
-- Lúcia
-- 55
-- Lúcia Elande
942 ## - ELEMENTOS DE ENTRADA ADICIONADOS (KOHA)
Fonte da classificação ou esquema de arquivamento na estante Classificação AGRIS
Ocultar no OPAC Não
Tipo de material Koha Analítica
Exemplares
Situação do descarte Fonte da classificação ou esquema de arquivamento na estante Situação física Não pode ser emprestado Biblioteca de origem Biblioteca atual Localização na estante Enumeração do periódico / cronologia Total de empréstimos Data de último acesso Número do exemplar Tipo de material Koha Fonte de aquisição
  Classificação AGRIS   Consulta local Biblioteca Nacional de Agricultura - Binagri Biblioteca Nacional de Agricultura - Binagri   (1978), v. 35(35) p. 51-75   29/11/2023 01 Periódicos Portaria Interministerial nº 164/94

BINAGRI

Telefone: (61)3218-2567/2388/3357/2097 - binagri@agro.gov.br

Ministério da Agricultura e Pecuária , Esplanada dos Ministérios, Bloco D, Anexo B, Brasília/DF, CEP: 70.043-900